Tendencias en desigualdad y exclusión social : tercer foro sobre tendencias sociales /

Informe a manera de congreso de una ambiciosa investigación sociológica que aborda las tendencias de cambios sociales y las perspectivas de futuro en las sociedades contemporáneas. Los estudios se ubican principalmente en España, pero en algunas ocasiones son ampliados al ámbito europeo. La manera d...

Olles dieđut

Furkejuvvon:
Bibliográfalaš dieđut
Searvvušdahkki: Foro sobre Tendencias Sociales ( UNED)
Eará dahkkit: Tezanos, José Félix (edición) (edición)
Materiálatiipa: Konfereansapublikašuvdna Girji
Giella:espánnjágiella
Almmustuhtton: Madrid, España : Sistema, 2004, c2004
Preanttus:2a edición
Ráidu:(Foro sobre Tendencias Sociales ; 3)
Fáttát:
Fáddágilkorat: Lasit fáddágilkoriid
Eai fáddágilkorat, Lasit vuosttaš fáddágilkora!

MARC

LEADER 00000nam^a2200000^a^4500
001 000181253
005 20250521000000.0
009 20260310101925.956
020 |a 84-86497-63-9 
037 |a Acervo ITESO - Biblioteca 
041 |a ESP 
082 |a 303. 49  |b FOR 1998 
111 |a Foro sobre Tendencias Sociales (  |n 3 :  |d 1998 :  |c UNED) 
240 1 1 |a [Foro sobre Tendencias Sociales] 
245 1 0 |a Tendencias en desigualdad y exclusión social :  |b tercer foro sobre tendencias sociales /  |c Foro sobre Tendencias Sociales ; ed. de J.F. Tezanos. 
250 |a 2a edición  |b aumentada 
264 4 |a Madrid, España :  |b Sistema,  |c 2004, c2004 
300 |a 799 p. 
336 |a texto  |b txt  |2 rdacontenido 
337 |a sin mediación  |b n  |2 rdamedio 
338 |a volumen  |b nc  |2 rdasoporte 
440 1 |a (Foro sobre Tendencias Sociales ;  |v 3) 
520 |a Informe a manera de congreso de una ambiciosa investigación sociológica que aborda las tendencias de cambios sociales y las perspectivas de futuro en las sociedades contemporáneas. Los estudios se ubican principalmente en España, pero en algunas ocasiones son ampliados al ámbito europeo. La manera de abordar esta indagación ha sido explorando las proyecciones de futuro tal como se desprenden de las expectativas y tendencias previstas en la opinión de expertos y de los propios ciudadanos en su conjunto. El tema central que se presenta en este tercer foro es la tendencia en desigualdad y exclusión social en un panorama completo, es decir vista ésta desde el análisis de aquellos elementos de las sociedades actuales que están dando lugar a un aumento de las situaciones de precarización y vulnerabilidad social hasta el estudio de las perspectivas de evolución y la problemática concreta de los principales grupos y sectores excluidos. 
649 |a XX 
650 |a Futuro -  |x Congresos 
650 |a Futuro -  |x Investigación 
650 |a Jóvenes -  |z España -  |x Condiciones Laborales 
650 |a Discapacitados -  |z España -  |x Condiciones Laborales 
650 |a Ancianos -  |z España -  |x Condiciones Sociales y Culturales 
650 |a Marginados Sociales -  |z España 
650 |a Adicciones -  |x Aspectos Sociales y Culturales 
650 |a Marginación -  |x Aspectos Sociales y Culturales 
650 |a Marginación 
650 |a Igualdad y Desigualdad 
650 |a Igualdad y Desigualdad 
650 |a Pobreza 
650 |a Salario Mínimo 
650 |a Sueldos y Salarios 
650 |a Empleo y Desempleo 
650 |a Vivienda 
650 |a Asentamientos Irregulares 
650 |a Desarrollo Urbano 
650 |a Calidad de Vida -  |z España 
650 |a Democracia 
650 |a Ciudadanía 
650 |a Participación Social 
650 |a Política Social 
650 |a Problemas Sociales 
650 |a España -  |x Condiciones Sociales y Culturales 
650 |a Encuesta -  |x Informes 
650 |a Entrevistas 
650 |a Metodología Cualitativa 
650 |a Investigación 
650 |a Ciencias Sociales -  |x Investigación 
650 |a Sociología 
700 |a Tezanos, José Félix  |e (edición) 
910 |a Fondo General 
920 |a Impresos - Libros 
930 |a Colección General 
905 |a 101 
901 |a 0500120959  |b IT1  |c ACC  |u 20250521 
902 |a https://opac.biblio.iteso.mx/vufind/Record/000181253